| 000 | 00994nam0a22002771 4500 | ||
|---|---|---|---|
| 001 | rc\4785598 | ||
| 005 | 20250613084010.0 | ||
| 021 |
_aRU _b[57-7309] |
||
| 035 | _a(NLR Aleph) 009032175 | ||
| 090 |
_a9496449 _c9496449 |
||
| 100 | _a20130417d1957 |||y0rusy50 ca | ||
| 101 | 0 | _arus | |
| 102 | _aRU | ||
| 105 | _aa g ||||| | ||
| 200 | 1 |
_aКраткий справочник для клиентуры морского транспорта _fСост. Р.Р. Оберг |
|
| 210 |
_aМосква _cМор. транспорт _d1957 |
||
| 215 |
_a386 с., 2 л. табл. _d23 |
||
| 300 | _aНа переплете сост. не указан | ||
| 320 | _aБиблиогр.: с. 380 (18 назв.) | ||
| 606 |
_aМорские перевозки, грузовые _jСправочники _2psbo |
||
| 700 | 1 |
_aОберг _bР.Р. _gРудольф Рудольфович _4220 |
|
| 801 | 0 |
_aRU _bNLR _gpsbo |
|
| 801 | 1 |
_aRU _bELAR _2rusmarc |
|
| 852 |
_aNLR _j57-5/697 |
||
| 942 | _cBOOK | ||
| 980 | _aNB | ||